Aneszteziológia és intenzív terápia. - 52. évf. (2022) 1. sz.

Elmentve itt :
Bibliográfiai részletek
Dokumentumtípus: Folyóirat
Megjelent: Magyar Anaesthesiológiai és Reanimatios Társaság Budapest 2022
Sorozat:Aneszteziológia és intenzív terápia 52 No. 1
Kulcsszavak:aneszteziológia; folyóirat
Tárgyszavak:
Online Access:http://misc.bibl.u-szeged.hu/71341
LEADER 00752nas a2200193 i 4500
001 misc71341
005 20230621094027.0
008 230621s2022 hu o 0|| hun d
022 |a 0133-5405 
040 |a SZTE Miscellanea Repozitórium  |b hun 
041 |a hun 
245 0 0 |a Aneszteziológia és intenzív terápia. - 52. évf. (2022) 1. sz.  |h [elektronikus dokumentum] 
260 |a Magyar Anaesthesiológiai és Reanimatios Társaság  |b Budapest  |c 2022 
490 0 |a Aneszteziológia és intenzív terápia  |v 52 No. 1 
650 4 |a Orvos- és egészségtudomány 
650 4 |a Klinikai orvostan 
650 4 |a Aneszteziológia 
695 |a aneszteziológia; folyóirat 
856 4 0 |u http://misc.bibl.u-szeged.hu/71341/1/aneszteziologia_2022_001.pdf  |z Dokumentum-elérés